| 000 | 00385nmm a2200145Ia 4500 | ||
|---|---|---|---|
| 008 | 251105s9999||||xx |||||||||||||||||und|| | ||
| 041 | _aspa | ||
| 100 | _aRice, Anne | ||
| 245 | 0 | _aHacia el Edén | |
| 264 |
_a[Madrid, España] : _bEdiciones B, _c2012 |
||
| 300 | _a432 páginas | ||
| 650 | _aErotic novel | ||
| 856 | _uhttps://public.digitaliapublishing.com/a/53000 | ||
| 942 | _cCF | ||
| 999 |
_c104544 _d104544 |
||